Tahreek Pakistan main Sindh jo hiso (Record no. 12829)
[ view plain ]
| 000 -LEADER | |
|---|---|
| fixed length control field | 00252nam a22001097a 4500 |
| 082 ## - DEWEY DECIMAL CLASSIFICATION NUMBER | |
| Classification number | MOH |
| 100 ## - MAIN ENTRY--AUTHOR NAME | |
| Personal name | Mohammad Laiq Zardari |
| 245 ## - TITLE STATEMENT | |
| Title | Tahreek Pakistan main Sindh jo hiso |
| 260 ## - PUBLICATION, DISTRIBUTION, ETC. (IMPRINT) | |
| Place of publication | Moro |
| Name of publisher | Kazi Muhammad Qazi |
| Year of publication | 1984 |
| 300 ## - PHYSICAL DESCRIPTION | |
| Number of Pages | 150 |
| 942 ## - ADDED ENTRY ELEMENTS (KOHA) | |
| Koha item type | Books |
| Withdrawn status | Lost status | Home library | Current library | Date acquired | Cost, normal purchase price | Full call number | Accession Number | Koha item type |
|---|---|---|---|---|---|---|---|---|
| Central Library, QUEST, Nawabshah | Central Library, QUEST, Nawabshah | 02/04/2015 | 150.00 | MOH | 8645 | Books | ||
| Central Library, QUEST, Nawabshah | Central Library, QUEST, Nawabshah | 02/04/2015 | 150.00 | MOH | 8646 | Books | ||
| Central Library, QUEST, Nawabshah | Central Library, QUEST, Nawabshah | 02/04/2015 | 150.00 | MOH | 8647 | Books | ||
| Central Library, QUEST, Nawabshah | Central Library, QUEST, Nawabshah | 02/04/2015 | 150.00 | MOH | 8648 | Books | ||
| Central Library, QUEST, Nawabshah | Central Library, QUEST, Nawabshah | 02/04/2015 | 150.00 | MOH | 8649 | Books | ||
| Central Library, QUEST, Nawabshah | Central Library, QUEST, Nawabshah | 02/04/2015 | 150.00 | MOH | 8650 | Books | ||
| Central Library, QUEST, Nawabshah | Central Library, QUEST, Nawabshah | 02/04/2015 | 150.00 | MOH | 8651 | Books | ||
| Central Library, QUEST, Nawabshah | Central Library, QUEST, Nawabshah | 02/04/2015 | 150.00 | MOH | 8654 | Books | ||
| Reference Section | Reference Section | 02/04/2015 | 150.00 | MOH(Shelf - 98B) | 8653 | Books | ||
| Central Library, QUEST, Nawabshah | Stacks area | 02/04/2015 | 150.00 | MOH | 8652 | Books |